Vývoj kvalifikované většiny při rozhodování Rady ES/EU od Římské smlouvy až po současnost

Analýza posunov, ku ktorým došlo v uplynulých desaťročiach v spôsobe konštrukcie kvalifikovanej väčšiny pri rozhodovaní Rady ES/EU. Závery ohľadne posilňovania resp. oslabovania prvkov supranacionality vo fungovaní tohto stále najdôležitejšieho orgánu EÚ.

Saved in:
Bibliographic Details
Main Author: Hřích, Jan
Format: Book Chapter
Language:Czech
Subjects:
Tags: Add Tag
No Tags, Be the first to tag this record!

MARC

LEADER 00000naa a2200000 4500
001 0246839
005 20220713131353.2
041 0 |a cze 
044 |a CZ 
245 1 0 |a Vývoj kvalifikované většiny při rozhodování Rady ES/EU od Římské smlouvy až po současnost  |c Jan Hřích 
520 |a Analýza posunov, ku ktorým došlo v uplynulých desaťročiach v spôsobe konštrukcie kvalifikovanej väčšiny pri rozhodovaní Rady ES/EU. Závery ohľadne posilňovania resp. oslabovania prvkov supranacionality vo fungovaní tohto stále najdôležitejšieho orgánu EÚ. 
610 2 0 |a Európska únia 
610 2 0 |a Rada Európskej únie 
610 2 0 |a Rada Európy 
610 2 0 |a kompetencie 
610 2 0 |a integrácia ekonomická medzinárodná 
610 2 0 |a rozhodovanie 
610 2 0 |a história 
100 1 |a Hřích, Jan